| 000 | 01451 a2200193 4500 | ||
|---|---|---|---|
| 001 | 46472 | ||
| 005 | 20260407155736.0 | ||
| 008 | 260407a1967 arg spa d | ||
| 003 | AR-UNSa-BCEJYS | ||
| 040 |
_aAR-UNSa-BCEJYS _bspa _cAR-UNSa-BCEJYS |
||
| 080 |
_a35 _xAdministración Pública |
||
| 245 | 1 | 0 |
_aAdministración Pública _pla función administrativa, los sistemas de organización y otros aspectos |
| 264 | 1 |
_aMéxico : _bTrillas _c1967 |
|
| 300 |
_a530 p. _c24 cm. |
||
| 505 | _a1. El papel de la administración en la sociedad moderna – 2. La materia de la burocracia – 3. ¿En que se diferencian la administración pública y la privada? – 4. El estudio de la administración pública – 5. Teoría de la organización : el género – 6. Teoría de la administración : algunas variedades – 7. Niveles y relaciones reciprocas – 8. Valores en conflicto y tendencias emergentes – 9. Enseñanza y reclutamiento – 10. Clasificación – 11. Organización para la administración del personal – 12. Progresos de la “idea presupuesto” – 13. Desenvolvimiento de la teoría presupuestaria – 14. El jefe ejecutivo – 15. Dirección y administración del departamental – 16. Moral y jefatura o dirección – 17. Planeamiento – 18. Índole y medición de la eficiencia – 19. Responsabilidad administrativa en una democracia. | ||
| 942 | _cBK | ||
| 590 | _aniveau_biblio:m niveau_hierar:0 | ||
| 100 | 1 | _aWaldo, Dwight | |
| 999 |
_c4199 _d4199 |
||